Statistics for Крупнейшие Региональные Экономики

Click here to take the quiz!

General Stats

  • This quiz has been taken 144 times
  • The average score is 5 of 10

Answer Stats

ВРПРегион% Correct
$270,9 млрдМосква
97%
$63,5 млрдСанкт-Петербург
90%
$37,4 млрдРеспублика Татарстан
57%
$63,7 млрдМосковская область
52%
$35,5 млрдКраснодарский край
46%
$34,5 млрдСвердловская область
43%
$34,5 млрдКрасноярский край
41%
$67,3 млрдХанты-Мансийский автономный округ
40%
$25,3 млрдРеспублика Башкортостан
40%
$46,7 млрдЯмало-Ненецкий автономный округ
37%

Score Distribution

Percentile by Number Answered

Percent of People with Each Score

Your Score History

You have not taken this quiz